header

Community oriented policing (Record no. 175742)

MARC details
000 -LEADER
fixed length control field 01879nam a2200373 a 4500
082 04 - DEWEY DECIMAL CLASSIFICATION NUMBER
Classification number 363.2/3
245 00 - TITLE STATEMENT
Title Community oriented policing
260 ## - PUBLICATION, DISTRIBUTION, ETC. (IMPRINT)
Place of publication New York :
Name of publisher Nova Science Publishers,
Year of publication c2010.
300 ## - PHYSICAL DESCRIPTION
Number of Pages xi, 238 p. :
Other physical details ill. (some col.).
490 1# - SERIES STATEMENT
Series statement Social issues, justice and status
505 0# - FORMATTED CONTENTS NOTE
Formatted contents note Community oriented policing services (COPS) : current legislative issues / James Nathan -- Community policing defined / United States Dept. of Justice -- Community policing : looking to tomorrow / Drew Diamond, Deirdre Mead Weiss -- Community oriented policing services (COPS) : background, legislation, and funding / James Nathan -- Innovations in police recruitment and hiring : hiring in the spirit of service / Ellen Scrivner.
650 #0 - SUBJECT ADDED ENTRY--TOPICAL TERM
Topical Term Community policing
700 1# - ADDED ENTRY--PERSONAL NAME
Personal name Burke, Jake V.
856 40 - ELECTRONIC LOCATION AND ACCESS
Uniform Resource Identifier http://site.ebrary.com/lib/rucke/Doc?id=10670940

No items available.

© 2026 Rongo University
Contact us: librarian | system librarian | Rongo university